<?xml version="1.0" encoding="UTF-8"?><?xml-stylesheet type="text/xsl" href="static/style.xsl"?><OAI-PMH xmlns="http://www.openarchives.org/OAI/2.0/" xmlns:xsi="http://www.w3.org/2001/XMLSchema-instance" xsi:schemaLocation="http://www.openarchives.org/OAI/2.0/ http://www.openarchives.org/OAI/2.0/OAI-PMH.xsd"><responseDate>2026-04-13T01:15:34Z</responseDate><request verb="GetRecord" identifier="oai:www.recercat.cat:10256/21787" metadataPrefix="marc">https://recercat.cat/oai/request</request><GetRecord><record><header><identifier>oai:recercat.cat:10256/21787</identifier><datestamp>2024-05-22T11:31:15Z</datestamp><setSpec>com_2072_452966</setSpec><setSpec>com_2072_2054</setSpec><setSpec>col_2072_452968</setSpec></header><metadata><record xmlns="http://www.loc.gov/MARC21/slim" xmlns:dcterms="http://purl.org/dc/terms/" xmlns:xsi="http://www.w3.org/2001/XMLSchema-instance" xmlns:doc="http://www.lyncode.com/xoai" xsi:schemaLocation="http://www.loc.gov/MARC21/slim http://www.loc.gov/standards/marcxml/schema/MARC21slim.xsd">
   <leader>00925njm 22002777a 4500</leader>
   <datafield ind2=" " ind1=" " tag="042">
      <subfield code="a">dc</subfield>
   </datafield>
   <datafield ind2=" " ind1=" " tag="720">
      <subfield code="a">Cerrillo, Carla</subfield>
      <subfield code="e">author</subfield>
   </datafield>
   <datafield ind2=" " ind1=" " tag="260">
      <subfield code="c">2022-09</subfield>
   </datafield>
   <datafield ind2=" " ind1=" " tag="520">
      <subfield code="a">El trabajo está dividido en dos partes conectadas entre sí. La primera parte es una introducción general de lo que se conoce como Teoría Queer. En la segunda parte del trabajo pongo en contexto y explico la historia, brevemente, del Festival de la Canción de Eurovisión. El siguiente punto de esta segunda parte aborda la participación de la ganadora del Festival de la Canción de Eurovisión del año 1998, Dana International (mujer trans israelí). Explico brevemente la biografía de esta cantante y de todo el revuelo que se formó por el simple hecho de que una persona trans fuera a representar en Eurovisión a Israel. A continuación, me centro en el análisis de la actuación de Dana International: la letra de la canción, la vestimenta y la puesta en escena. Finalmente, como último punto de este trabajo, pero no por ello menos importante, contesto a una pregunta que me hice durante el trabajo y que me resultó importante, por ello es un punto per se. Mi pregunta era saber si la victoria de Dana International en Eurovisión el año 1998 sirvió para que se produjeran algunos cambios en su país de origen</subfield>
   </datafield>
   <datafield ind1="8" ind2=" " tag="024">
      <subfield code="a">http://hdl.handle.net/10256/21787</subfield>
   </datafield>
   <datafield tag="653" ind2=" " ind1=" ">
      <subfield code="a">Teoria queer</subfield>
   </datafield>
   <datafield tag="653" ind2=" " ind1=" ">
      <subfield code="a">Identitat de gènere</subfield>
   </datafield>
   <datafield tag="653" ind2=" " ind1=" ">
      <subfield code="a">Transgèneres</subfield>
   </datafield>
   <datafield tag="653" ind2=" " ind1=" ">
      <subfield code="a">Festival de la Cançó d’Eurovisió</subfield>
   </datafield>
   <datafield tag="653" ind2=" " ind1=" ">
      <subfield code="a">Queer theory</subfield>
   </datafield>
   <datafield tag="653" ind2=" " ind1=" ">
      <subfield code="a">Gender identity</subfield>
   </datafield>
   <datafield tag="653" ind2=" " ind1=" ">
      <subfield code="a">Transgender people</subfield>
   </datafield>
   <datafield tag="653" ind2=" " ind1=" ">
      <subfield code="a">Eurovision Song Contest</subfield>
   </datafield>
   <datafield ind2="0" ind1="0" tag="245">
      <subfield code="a">La identidad trans: el caso de Dana International en el Festival de Eurovisión</subfield>
   </datafield>
</record></metadata></record></GetRecord></OAI-PMH>